Science Quiz

Random Science or Math Quiz

True Does Not Equal False: Triple Threat Quiz Stats

 Plays Quiz Updated Jan 4, 2018

Score 0/30 Timer 02:00
2 Plays Today
% Correct
True
80.6%
True
80.2%
True
79.3%
True
79%
False
78.1%
False
78%
False
77.4%
False
77.2%
True
76.9%
False
76.8%
False
76.5%
True
76.4%
False
76.4%
False
76.2%
False
76.1%
% Correct
True
75.9%
True
75.7%
False
75.2%
True
74.9%
False
74.7%
True
74.6%
False
74%
True
73.4%
True
71%
False
67.5%
True
66.9%
True
66.7%
True
66.2%
False
58.4%
False
53.5%

You're not logged in!

Compare scores with friends on all Sporcle quizzes.
OR
Log In

You Might Also Like...

Show Comments

Extras

Top Quizzes Today


Score Distribution

Your Account Isn't Verified!

In order to create a playlist on Sporcle, you need to verify the email address you used during registration. Go to your Sporcle Settings to finish the process.

Report this User

Report this user for behavior that violates our Community Guidelines.

Details: